Highest Paid NBA Players by Season since 1975 - Statistics

General Stats
  • This quiz has been taken 38 times
  • The average score is 43 of 49
Answer Stats
Season Player % Correct
2015-16 Kobe Bryant
100%
2014-15 Kobe Bryant
100%
2013-14 Kobe Bryant
100%
2012-13 Kobe Bryant
100%
2011-12 Kobe Bryant
100%
2010-11 Kobe Bryant
100%
2009-10 Kobe Bryant
100%
1991-92 Larry Bird
100%
2016-17 Lebron James
100%
1997-98 Michael Jordan
100%
1996-97 Michael Jordan
100%
2005-06 Shaquille O'Neal
100%
2004-05 Shaquille O'Neal
100%
1999-00 Shaquille O'Neal
100%
2023-24 Stephen Curry
100%
2022-23 Stephen Curry
100%
2021-22 Stephen Curry
100%
2020-21 Stephen Curry
100%
2019-20 Stephen Curry
100%
2018-19 Stephen Curry
100%
2017-18 Stephen Curry
100%
1994-95 Magic Johnson
97%
1986-87 Magic Johnson
97%
1985-86 Magic Johnson
97%
1984-85 Magic Johnson
97%
1981-82 Abdul-Jabbar, Walton, Malone...
90%
1980-81 Abdul-Jabbar, Walton, Malone...
90%
1979-80 Bill Walton, Moses Malone
90%
1977-78 Kareem Abdul-Jabbar
90%
1976-77 Kareem Abdul-Jabbar
90%
1975-76 Kareem Abdul-Jabbar
90%
1983-84 Moses Malone
90%
1982-83 Moses Malone
90%
2008-09 Kevin Garnett
77%
2007-08 Kevin Garnett
77%
2006-07 Kevin Garnett
77%
2003-04 Kevin Garnett
77%
2002-03 Kevin Garnett
77%
2001-02 Kevin Garnett
77%
2000-01 Kevin Garnett
77%
1993-94 David Robinson
63%
1992-93 David Robinson
63%
1998-99 Patrick Ewing
60%
1995-96 Patrick Ewing
60%
1990-91 Patrick Ewing
60%
1989-90 Patrick Ewing
60%
1988-89 Patrick Ewing
60%
1987-88 Patrick Ewing
60%
1978-79 David Thompson
23%
No matching quizzes found
Score Distribution
Percent of People with Each Score
Percentile by Number Answered
Your Score History
You have not taken this quiz